Una nueva estrategia para la formación de Profesores

Đã lưu trong:
Chi tiết về thư mục
Tác giả chính: Ruz R., Juan (Tác giả)
Định dạng: Sách
Ngôn ngữ:Tiếng Tây Ban Nha
Được phát hành: Santiago Universidad Educares: Facultad de Educaciín y Ciencias Humanas 1998
Phiên bản:1a. ed
Những chủ đề:
Các nhãn: Thêm thẻ
Không có thẻ, Là người đầu tiên thẻ bản ghi này!

MARC

LEADER 00000nam a2200000 a 4500
001 UCH4045
003 CL-VaPUC
008 090818e19980000CL |||||||||||||||||spa|d
082 0 4 |a 370.71  |b RUZ  |2 21 
100 0 |a Ruz R., Juan  |e author  |9 539488 
245 1 4 |a Una nueva estrategia para la formación de Profesores 
250 |a 1a. ed 
300 |a 179 p 
942 |c BK 
945 |d 20090818 00:00:00  |a ccalabra 
260 |a Santiago  |b Universidad Educares: Facultad de Educaciín y Ciencias Humanas  |c 1998 
650 0 |a Reforma educacional   |9 256319 
650 0 |a Planificación del currículo  |9 269599 
650 0 |a Educación básica   |9 224933 
650 0 |a Educación parvularia  |9 310956 
650 0 |a Educación superior   |9 223851 
651 7 |a CHILE  |2 CL-VaPUC  |9 539489 
583 |a last modification  |c 20160928 10:43:48  |k Rodrigo Vera 
999 |c 335399  |d 335397